5 puissances de 4 en 30 secondes - Statistiques

Statistiques générales
  • Ce quiz a été pris 88 fois
    6 depuis la dernière actualisation
  • Le résultat moyen est 3 sur 5
Statistiques - réponses
n n^4 % Correct
21 194481
100%
48 5308416
100%
29 707281
100%
32 1048576
0%
57 10556001
0%
58 11316496
0%
33 1185921
0%
59 12117361
0%
34 1336336
0%
61 13845841
0%
62 14776336
0%
35 1500625
0%
63 15752961
0%
64 16777216
0%
36 1679616
0%
65 17850625
0%
37 1874161
0%
66 18974736
0%
67 20151121
0%
38 2085136
0%
68 21381376
0%
69 22667121
0%
39 2313441
0%
22 234256
0%
71 25411681
0%
72 26873856
0%
23 279841
0%
41 2825761
0%
73 28398241
0%
74 29986576
0%
42 3111696
0%
75 31640625
0%
24 331776
0%
76 33362176
0%
43 3418801
0%
77 35153041
0%
78 37015056
0%
44 3748096
0%
79 38950081
0%
25 390625
0%
45 4100625
0%
81 43046721
0%
46 4477456
0%
82 45212176
0%
26 456976
0%
83 47458321
0%
47 4879681
0%
84 49787136
0%
85 52200625
0%
27 531441
0%
86 54700816
0%
87 57289761
0%
49 5764801
0%
88 59969536
0%
28 614656
0%
89 62742241
0%
51 6765201
0%
91 68574961
0%
92 71639296
0%
52 7311616
0%
93 74805201
0%
94 78074896
0%
53 7890481
0%
95 81450625
0%
96 84934656
0%
54 8503056
0%
97 88529281
0%
55 9150625
0%
98 92236816
0%
31 923521
0%
99 96059601
0%
56 9834496
0%
Aucun quiz correspondant
Distribution des résultats
% des personnes avec chaque résultat
Percentile par nombre de réponses
Votre historique - résultats
Vous n’avez pas pris ce quiz depuis la dernière actualisation